000 00577nam a2200241 a 4500
001 nice12345678
003 IN_TiNIC
005 20260116012103.0
008 050524s1940 lona grp 000 0 eng
020 _a
_c100
082 0 0 _a230
_bMIC
100 _aMicklem, Nathaniel
245 _aCreed of a Christian
260 _aLondon
_bStudent Christian Movement Press
_c1940
300 _a188p
500 _aincludes index and biblioraphy
505 2 _aIndex
650 _aTheology
700 1 _aMicklem, Nathaniel
902 _bSRS
942 _cBK
999 _c5583
_d5583